000 00846cam a2200277u 4500
999 _c1200
_d1200
001 002281
003 CoMeUDC002280
005 20190204175731.0
008 190201b ||||| |||| 00| 0 eng d
010 _a 70226636
040 _aDLC
_cCoMeUDC
_dDLC
043 _as-ck---
050 0 0 _aRA1022.C7
_bU7 1965
082 _a340.6
_bU76m
100 1 _aUribe Cualla, Guillermo,
_d1971
245 1 0 _aMedicina legal y psiquiatría forense.
250 _a8. ed.
260 _aBogotá,
_bEditorial Temis,
_c1971
300 _a763 p. ;
_bilus. ;
_c24 cm.
650 0 _aJurisprudencia médica
_zColombia.
_91516
650 0 _aPsiquiatría forense
_91517
650 0 _aSiquiatría forense
_91531
906 _a0
_bcbc
_cpremunv
_du
_encip
_f19
_gy-gencatlg
942 _2ddc
_cBK